A selected list of books and articles on Japan in English, French and German
Wedi'i Gadw mewn:
| Fformat: | Llyfr |
|---|---|
| Iaith: | Undetermined |
| Cyhoeddwyd: |
Cambridge
The Harvard University Press
1954
|
| Pynciau: | |
| Tagiau: |
Ychwanegu Tag
Dim Tagiau, Byddwch y cyntaf i dagio'r cofnod hwn!
|
| Thư viện lưu trữ: | Trung tâm Học liệu Trường Đại học Cần Thơ |
|---|
| LEADER | 00536nam a2200181Ia 4500 | ||
|---|---|---|---|
| 001 | CTU_104645 | ||
| 008 | 210402s9999 xx 000 0 und d | ||
| 020 | |c 5.00 | ||
| 082 | |a 016.952 | ||
| 082 | |b S464 | ||
| 245 | 2 | |a A selected list of books and articles on Japan in English, French and German | |
| 245 | 0 | |c Hugh Borton ... [et al.] | |
| 260 | |a Cambridge | ||
| 260 | |b The Harvard University Press | ||
| 260 | |c 1954 | ||
| 650 | |a Nhật Bản | ||
| 650 | |x Thư mục | ||
| 980 | |a Trung tâm Học liệu Trường Đại học Cần Thơ | ||